[Event "Chigorin Memorial 31st"]
[Site "St Petersburg"]
[Date "2024.10.26"]
[Round "1"]
[White "Rakhmanov, Georgii"]
[Black "Gerdt, Nikita"]
[Result "1-0"]
[WhiteElo "1992"]
[BlackElo "1712"]
[PlyCount "101"]
[EventDate "2024.10.26"]
[EventType "swiss"]
[EventRounds "9"]
[EventCountry "RUS"]
[SourceTitle "CB45_2024"]
[Source "ChessBase"]
[SourceDate "2024.11.06"]
[SourceVersion "1"]
[SourceVersionDate "2024.11.06"]
[SourceQuality "1"]

1. e4 c5 2. Nf3 Nc6 3. Bb5 Nf6 4. e5 Nd5 5. Nc3 Nc7 6. Bxc6 dxc6 7. d3 Bg4 8. Be3 e6 9. h3 Bh5 10. Ne4 Nd5 11. Bg5 Qc7 12. c4 Nb6 13. Bf4 0-0-0 14. Qe2 Be7 15. Qe3 Nd7 16. g4 Bg6 17. 0-0-0 Qa5 18. Kb1 Nb6 19. Nfd2 Qb4 20. Nb3 Na4 21. Qe2 Qb6 22. Rhe1 Rd7 23. Qc2 Rhd8 24. Nc1 Qa6 25. b3 Nb6 26. Kb2 Kb8 27. a3 Nc8 28. Na2 Qa5 29. Nac3 f5 30. exf6+ Bd6 31. Nxd6 Nxd6 32. fxg7 Ka8 33. Rxe6 Nf7 34. Ne4 a6 35. Qc3 Qxc3+ 36. Kxc3 Bxe4 37. Rxe4 Rg8 38. Be5 Nxe5 39. Rxe5 Rgxg7 40. f4 Rgf7 41. Rf1 Rf6 42. Rxc5 Rdf7 43. Rh5 Kb8 44. f5 Kc8 45. Re1 Kd7 46. Rg5 Rh6 47. Re3 b6 48. Rg8 Rd6 49. Ra8 Rff6 50. Ra7+ Kd8 51. Rxh7 1-0

[Event "St Petersburg Korchnoi Memorial op"]
[Site "St Petersburg"]
[Date "2024.08.22"]
[Round "9"]
[White "Rakhmanov, Georgii"]
[Black "Volkov, Maksim"]
[Result "1-0"]
[WhiteElo "1983"]
[BlackElo "2306"]
[PlyCount "83"]
[EventDate "2024.08.17"]
[EventType "swiss"]
[EventRounds "9"]
[EventCountry "RUS"]
[SourceTitle "EXT 2025"]
[Source "ChessBase"]
[SourceDate "2024.10.14"]
[SourceVersion "1"]
[SourceVersionDate "2024.10.14"]
[SourceQuality "1"]

1. e4 c5 2. Nf3 d6 3. d4 cxd4 4. Nxd4 Nf6 5. Nc3 a6 6. Bg5 e6 7. Qe2 Nbd7 8. 0-0-0 Be7 9. h4 h6 10. Bd2 Qc7 11. g4 Ne5 12. Rg1 Nfd7 13. g5 hxg5 14. hxg5 Nb6 15. f4 Nec4 16. g6 Bf6 17. gxf7+ Qxf7 18. Be3 Bd7 19. f5 0-0-0 20. fxe6 Bxe6 21. Nxe6 Qxe6 22. Bd4 Bxd4 23. Rxd4 Ne5 24. Rb4 Qh6+ 25. Kb1 Ned7 26. a4 Qh2 27. Qe3 Qh6 28. Qd4 Qf6 29. a5 Qxd4 30. Rxd4 Na8 31. Bc4 Ne5 32. Be6+ Kb8 33. Rxg7 Nc7 34. Bd5 Rh1+ 35. Ka2 Rh2 36. Rb4 Nd7 37. Bxb7 Rxc2 38. Bxa6+ Ka7 39. Rb7+ Kxa6 40. Rxc7 Rb8 41. Rgxd7 Rbxb2+ 42. Ka3 1-0

[Event "St Petersburg Korchnoi Memorial op"]
[Site "St Petersburg"]
[Date "2024.08.19"]
[Round "5"]
[White "Rakhmanov, Georgii"]
[Black "Sorin, Ilya"]
[Result "1-0"]
[WhiteElo "1983"]
[BlackElo "1807"]
[PlyCount "97"]
[EventDate "2024.08.17"]
[EventType "swiss"]
[EventRounds "9"]
[EventCountry "RUS"]
[SourceTitle "EXT 2025"]
[Source "ChessBase"]
[SourceDate "2024.10.14"]
[SourceVersion "1"]
[SourceVersionDate "2024.10.14"]
[SourceQuality "1"]

1. e4 c5 2. Nf3 g6 3. c4 Nc6 4. d4 cxd4 5. Nxd4 Bg7 6. Be3 Nf6 7. Nc3 d6 8. f3 Bd7 9. Qd2 0-0 10. Be2 Nxd4 11. Bxd4 a5 12. b3 Bc6 13. 0-0 Nd7 14. Be3 Nc5 15. Rad1 Qb6 16. Nb5 Rfc8 17. Kh1 h5 18. Bg5 Qd8 19. Qe3 Qf8 20. Bf4 Ne6 21. Bg3 Bxb5 22. cxb5 Rc2 23. Bc4 a4 24. f4 axb3 25. Bxb3 Rc3 26. Qe1 Nc5 27. e5 Rd3 28. exd6 Rxd6 29. Rxd6 exd6 30. Bd5 Re8 31. Qb1 Kh7 32. f5 Qe7 33. fxg6+ fxg6 34. Bf7 Ne4 35. Bxd6 Qd7 36. Bxe8 Qxe8 37. Qd3 Qe6 38. Bg3 Nc3 39. Be1 Nd5 40. Bd2 Nf6 41. Bc3 Ng4 42. Bxg7 Kxg7 43. h3 Nh6 44. Qc3+ Kg8 45. Qf6 Qe8 46. Rd1 Kh7 47. Qd8 Qe6 48. Rd7+ Nf7 49. Qe7 1-0

[Event "Chigorin Memorial 30th"]
[Site "St Petersburg"]
[Date "2023.10.29"]
[Round "9"]
[White "Rakhmanov, Georgii"]
[Black "Kondakov, Konstantin"]
[Result "1-0"]
[WhiteElo "1736"]
[BlackElo "1556"]
[PlyCount "103"]
[EventDate "2023.10.21"]
[EventType "swiss"]
[EventRounds "9"]
[EventCountry "RUS"]
[SourceTitle "CBM 216 Extra"]
[Source "ChessBase"]
[SourceDate "2023.11.30"]
[SourceVersion "1"]
[SourceVersionDate "2023.11.30"]
[SourceQuality "1"]

1. e4 d6 2. d4 Nf6 3. Nc3 c6 4. Nf3 Qa5 5. Bd2 Qc7 6. Bd3 e5 7. h3 Be7 8. 0-0 Nbd7 9. Re1 h6 10. Qe2 0-0 11. Rad1 b5 12. a3 a6 13. dxe5 dxe5 14. Nh4 Nc5 15. Nf5 Bxf5 16. exf5 Nxd3 17. Qxd3 Kh7 18. Qg3 Rfe8 19. Qxe5 Bd6 20. Qd4 Rad8 21. Qh4 Bh2+ 22. Kf1 Rxe1+ 23. Bxe1 Rxd1 24. Nxd1 Qd6 25. Ne3 Bf4 26. Bb4 Qd4 27. Bc3 Qd6 28. Bxf6 Bxe3 29. fxe3 gxf6 30. Qd4 Qe7 31. Kf2 c5 32. Qd5 Qc7 33. Kf3 Kg7 34. Kg4 c4 35. c3 Qh2 36. Qf3 Qg1 37. Kh5 Qc1 38. Qf2 Qd1+ 39. g4 Qc1 40. h4 Qb1 41. Qf4 Qxb2 42. Qxh6+ Kg8 43. Qxf6 Qxa3 44. Qg5+ Kh7 45. Qf6 Kg8 46. e4 Qc5 47. Qxa6 b4 48. cxb4 Qxb4 49. Qc8+ Kg7 50. g5 Qb5 51. f6+ Kh7 52. Qf8 1-0

[Event "Chigorin Memorial 30th"]
[Site "St Petersburg"]
[Date "2023.10.26"]
[Round "6"]
[White "Rakhmanov, Georgii"]
[Black "Berezovskaya, Arina"]
[Result "1-0"]
[WhiteElo "1736"]
[BlackElo "1408"]
[PlyCount "107"]
[EventDate "2023.10.21"]
[EventType "swiss"]
[EventRounds "9"]
[EventCountry "RUS"]
[SourceTitle "CBM 216 Extra"]
[Source "ChessBase"]
[SourceDate "2023.11.30"]
[SourceVersion "1"]
[SourceVersionDate "2023.11.30"]
[SourceQuality "1"]

1. Nf3 Nf6 2. g3 b6 3. Bg2 Bb7 4. 0-0 e6 5. d4 Be7 6. c4 0-0 7. Nc3 d5 8. Ne5 c6 9. cxd5 cxd5 10. Qa4 Nfd7 11. Nf3 Nf6 12. Bf4 Bd6 13. Ne5 Be7 14. Rac1 Nbd7 15. Nd3 a6 16. Qb3 Rc8 17. Na4 Bc6 18. f3 Bb5 19. Rxc8 Qxc8 20. Rc1 Qa8 21. Qc2 Bxd3 22. Qxd3 Rc8 23. Nc3 Qb7 24. Rc2 b5 25. e4 Nb6 26. b3 b4 27. Ne2 h6 28. Nc1 Bf8 29. Qe2 Rc3 30. Rxc3 bxc3 31. Qc2 Qc8 32. Nd3 a5 33. e5 Nfd7 34. Nc1 Bb4 35. Ne2 Nb8 36. Be3 Na6 37. Bf2 Nc7 38. a4 Na6 39. Be1 Qc6 40. Bf1 Qc7 41. Nxc3 Nb8 42. Qd3 Qd7 43. Bd2 Nc6 44. Na2 Bxd2 45. Qxd2 Qe7 46. Bb5 Nb4 47. Nxb4 Qxb4 48. Qxb4 axb4 49. Ba6 Kf8 50. Bb7 Nxa4 51. bxa4 b3 52. Ba6 b2 53. Bd3 Ke7 54. a5 1-0

[Event "Chigorin Memorial 30th"]
[Site "St Petersburg"]
[Date "2023.10.25"]
[Round "5"]
[White "Parshin, Maxim"]
[Black "Rakhmanov, Georgii"]
[Result "1-0"]
[WhiteElo "2086"]
[BlackElo "1736"]
[PlyCount "91"]
[EventDate "2023.10.21"]
[EventType "swiss"]
[EventRounds "9"]
[EventCountry "RUS"]
[SourceTitle "CBM 216 Extra"]
[Source "ChessBase"]
[SourceDate "2023.11.30"]
[SourceVersion "1"]
[SourceVersionDate "2023.11.30"]
[SourceQuality "1"]

1. e4 e5 2. Nf3 Nc6 3. Bb5 a6 4. Ba4 Nf6 5. 0-0 Be7 6. Re1 b5 7. Bb3 0-0 8. h3 d6 9. c3 Na5 10. Bc2 c5 11. d4 Nd7 12. d5 Nb6 13. Nbd2 f5 14. exf5 Bxf5 15. Bxf5 Rxf5 16. Ne4 Qd7 17. b3 Qb7 18. c4 Qd7 19. Bd2 Nb7 20. Rc1 Raf8 21. Qe2 Na8 22. Qd3 Nc7 23. b4 bxc4 24. Qxc4 Rxf3 25. gxf3 Rxf3 26. Re3 Rxh3 27. Rxh3 Qxh3 28. bxc5 Qg4+ 29. Kf1 Qh3+ 30. Ke2 Qg4+ 31. Kd3 Qf5 32. Bb4 Kf8 33. cxd6 Nxd6 34. Bxd6 Bxd6 35. Ke2 Ne8 36. Nxd6 Nxd6 37. Qb4 Qh5+ 38. f3 Qh2+ 39. Kd1 e4 40. fxe4 Kf7 41. Rc2 Kf6 42. Qd4+ Qe5 43. Qxe5+ Kxe5 44. Rc7 Kf4 45. e5 Nf5 46. d6 1-0

[Event "Chigorin Memorial 30th"]
[Site "St Petersburg"]
[Date "2023.10.22"]
[Round "2"]
[White "Rakhmanov, Georgii"]
[Black "Rachikhin, Roman"]
[Result "1-0"]
[WhiteElo "1736"]
[BlackElo "1457"]
[PlyCount "49"]
[EventDate "2023.10.21"]
[EventType "swiss"]
[EventRounds "9"]
[EventCountry "RUS"]
[SourceTitle "CBM 216 Extra"]
[Source "ChessBase"]
[SourceDate "2023.11.30"]
[SourceVersion "1"]
[SourceVersionDate "2023.11.30"]
[SourceQuality "1"]

1. e4 c5 2. Nf3 e6 3. d4 cxd4 4. Nxd4 a6 5. Bd3 Bc5 6. Nb3 Ba7 7. Qe2 Nc6 8. Be3 Bb8 9. 0-0 Nge7 10. c4 0-0 11. Nc3 f5 12. f3 Qc7 13. g3 Ne5 14. Rad1 N7g6 15. exf5 Nxd3 16. fxg6 Ne5 17. gxh7+ Kxh7 18. Bc5 Rf5 19. Rd4 Nf7 20. Rh4+ Kg8 21. Nd5 Rxd5 22. cxd5 e5 23. Rc1 b6 24. Be7 Qa7 25. Rxc8+ 1-0

[Event "St Petersburg Korchnoi Memorial op"]
[Site "St Petersburg"]
[Date "2023.08.19"]
[Round "3"]
[White "Rakhmanov, Georgii"]
[Black "Zadorozhy, Egor"]
[Result "0-1"]
[WhiteElo "1806"]
[BlackElo "1516"]
[PlyCount "46"]
[EventDate "2023.08.18"]
[EventType "swiss"]
[EventRounds "9"]
[EventCountry "RUS"]
[SourceTitle "CBM 216 Extra"]
[Source "ChessBase"]
[SourceDate "2023.11.30"]
[SourceVersion "1"]
[SourceVersionDate "2023.11.30"]
[SourceQuality "1"]

1. e4 c5 2. Nf3 d6 3. d4 cxd4 4. Nxd4 Nf6 5. Nc3 a6 6. Be3 e5 7. Nb3 Be7 8. h3 0-0 9. Qd2 Be6 10. 0-0-0 b5 11. g4 Nbd7 12. f4 b4 13. Nd5 Nxe4 14. Qxb4 Bxd5 15. Rxd5 Ndf6 16. Ra5 d5 17. Qe1 Qb8 18. fxe5 Bb4 19. c3 Bxa5 20. exf6 Bb6 21. fxg7 Re8 22. Nd4 Qe5 23. Qh4 Nxc3 0-1

[Event "St Petersburg Korchnoi Memorial op"]
[Site "St Petersburg"]
[Date "2023.08.18"]
[Round "1"]
[White "Rakhmanov, Georgii"]
[Black "Zakhartsov, Vladimir"]
[Result "0-1"]
[WhiteElo "1806"]
[BlackElo "2525"]
[PlyCount "62"]
[EventDate "2023.08.18"]
[EventType "swiss"]
[EventRounds "9"]
[EventCountry "RUS"]
[SourceTitle "CBM 216 Extra"]
[Source "ChessBase"]
[SourceDate "2023.11.30"]
[SourceVersion "1"]
[SourceVersionDate "2023.11.30"]
[SourceQuality "1"]

1. e4 c5 2. Nf3 a6 3. c3 d5 4. exd5 Qxd5 5. d4 Nf6 6. Be2 e6 7. 0-0 Be7 8. Na3 0-0 9. Nc4 Qd8 10. a4 Nc6 11. dxc5 Bxc5 12. Qc2 Qc7 13. Be3 Bxe3 14. Nxe3 b6 15. Rad1 Bb7 16. Nd4 Ne5 17. f4 Be4 18. Qd2 Ned7 19. Ng4 Nxg4 20. Bxg4 Nc5 21. Qe3 Qb7 22. Bf3 Bxf3 23. Rxf3 Rad8 24. Re1 Qd7 25. a5 bxa5 26. Rg3 g6 27. Rh3 Rfe8 28. Nf3 Qc7 29. Ne5 f5 30. Rh6 Ne4 31. Qh3 Qc5+ 0-1

[Event "Chigorin Memorial 29th"]
[Site "St Petersburg"]
[Date "2022.10.27"]
[Round "6"]
[White "Rakhmanov, Georgii"]
[Black "Antipov, Fedor"]
[Result "1-0"]
[WhiteElo "1571"]
[BlackElo "1778"]
[PlyCount "121"]
[EventDate "2022.10.22"]
[EventType "swiss"]
[EventRounds "9"]
[EventCountry "RUS"]
[SourceTitle "EXT 2024"]
[Source "ChessBase"]
[SourceDate "2023.10.10"]
[SourceVersion "1"]
[SourceVersionDate "2023.10.10"]
[SourceQuality "1"]

1. d4 Nf6 2. c4 c5 3. d5 e6 4. Nc3 exd5 5. cxd5 d6 6. e4 g6 7. f4 Bg7 8. Bb5+ Nfd7 9. a4 0-0 10. Nf3 a6 11. Bd3 Nf6 12. 0-0 Re8 13. Re1 b6 14. h3 Ra7 15. Bc4 Nfd7 16. g4 Nf8 17. Kh2 Rae7 18. Qd3 f5 19. e5 fxg4 20. hxg4 Bxg4 21. e6 Nfd7 22. exd7 Rxe1 23. dxe8Q+ Rxe8 24. Bd2 Nd7 25. Re1 Rf8 26. Ng5 Rf5 27. Qe4 Ne5 28. Be2 h6 29. Bxg4 Nxg4+ 30. Kg3 hxg5 31. Kxg4 Kf8 32. Ne2 gxf4 33. Bxf4 Be5 34. Bh6+ Kg8 35. Ng3 Rf6 36. Kh3 Qd7+ 37. Kg2 Bd4 38. Re2 Qf7 39. b3 Kh7 40. Bg5 Rf2+ 41. Rxf2 Qxf2+ 42. Kh3 Be5 43. Bh4 Qd2 44. Qf3 Qd4 45. Ne4 Qg1 46. Qf7+ Bg7 47. Nf6+ Kh6 48. Ng4+ Kh7 49. Bf6 Qf1+ 50. Kg3 Qg1+ 51. Kf3 Qd1+ 52. Kf4 Qf1+ 53. Kg5 Qc1+ 54. Kh4 Qh1+ 55. Kg3 Qg1+ 56. Kf3 Qd1+ 57. Kf2 Qd2+ 58. Kg3 Qd3+ 59. Kh4 g5+ 60. Kh5 Qh3+ 61. Kxg5 1-0

[Event "Chigorin Memorial 29th"]
[Site "St Petersburg"]
[Date "2022.10.22"]
[Round "1"]
[White "Klepikov, Nikita"]
[Black "Rakhmanov, Georgii"]
[Result "0-1"]
[WhiteElo "2148"]
[BlackElo "1571"]
[PlyCount "76"]
[EventDate "2022.10.22"]
[EventType "swiss"]
[EventRounds "9"]
[EventCountry "RUS"]
[SourceTitle "EXT 2024"]
[Source "ChessBase"]
[SourceDate "2023.10.10"]
[SourceVersion "1"]
[SourceVersionDate "2023.10.10"]
[SourceQuality "1"]

1. e4 e5 2. Nf3 Nc6 3. Bb5 a6 4. Ba4 Nf6 5. Qe2 d6 6. c3 b5 7. Bb3 Be7 8. 0-0 0-0 9. Rd1 Na5 10. Bc2 c5 11. d3 Qc7 12. Nbd2 Nh5 13. Nf1 Nf4 14. Bxf4 exf4 15. b4 cxb4 16. cxb4 Nc6 17. Rac1 Bg4 18. d4 Qb6 19. Qd2 Bxf3 20. gxf3 Bf6 21. Qxf4 Nxd4 22. Bd3 Bg5 23. Qg4 Bxc1 24. Rxc1 Nc6 25. Bb1 Ne5 26. Qh3 Qd4 27. Ne3 Qb2 28. Rd1 Rac8 29. f4 Rc1 30. Bc2 Nc4 31. Bb3 Nxe3 32. Qxe3 Rxd1+ 33. Bxd1 Qxb4 34. Bb3 Qc5 35. Qh3 Qc1+ 36. Kg2 Qxf4 37. Bd5 g6 38. Qa3 Rc8 0-1